000 00415cam a2200169ua 4500
041 _aeng
_h
082 _a941
_bCAR/HI
100 _aCarter, E H .
245 _aHistory of Britain /
_cE H Carter.
_hTextual Documents
250 _a3 /
_b.
260 _aLondon :
_bOxford at the Clarendon Press ,
_c1960.
300 _a1116 ; .
504 _a
700 1 _aMears, R A F .
942 _cBK
999 _c6267
_d6267